Normal view MARC view
  • Luis Téllez, José,

Entry Nombre Personal

Number of records used in: 1

001 - NUMERO DE CONTROL

  • campo de control: 58951

003 - IDENTIFICADOR DE NUMERO DE CONTROL

  • campo de control: MX-MxUPN

005 - FECHA Y HORA DE LA ÜLTIMA TRANSACCIÓN

  • campo de control: 20260306124944.0

008 - DATOS DE LONGITUD FIJA

  • campo de control de longitud fija: 260306nn acnnnaabn n aaa d

040 ## - FUENTE DE CATALOGACIÓN

  • Agencia original de catalogación: MX-MxUPN
  • Lenguaje de catalogación: spa

100 1# - ENCABEZAMIENTO - NOMBRE PERSONAL

  • Nombre personal: Luis Téllez, José,
  • Fechas asociadas con el nombre: 1944-

670 ## - FUENTE EN LA QUE SE LOCALIZARON DATOS

  • Cita de la fuente: Wikipedia, 6 marzo 2026 :
  • Información localizada: José Luis Téllez (José Luis Téllez (Madrid, 1944) es musicólogo, comentarista de música clásica y ópera para Radio Clásica de Radio Nacional de España (RNE) y Televisión Española (TVE)).
  • Uniform Resource Identifier: https://es.wikipedia.org/wiki/Jos%C3%A9_Luis_T%C3%A9llez

670 ## - FUENTE EN LA QUE SE LOCALIZARON DATOS

  • Cita de la fuente: Verdi, 1985 :
  • Información localizada: portada (José Luis Téllez)

902 ## - CATALOGADOR

  • Catalogador: VíctorGodínez/060326